000 00690 a2200241 4500
001 61878
005 20260407155911.0
008 260407a1967 arg spa d
003 AR-UNSa-BCEJYS
040 _aAR-UNSa-BCEJYS
_bspa
_cAR-UNSa-BCEJYS
080 _a336.77
_xCrédito. Función económica del crédito (Microcréditos)
245 1 0 _aEl crédito documentado
250 _a2a. ed.
264 1 _aLa Plata :
_bEditora Platense
_c1967
300 _a219 p.
_c23 cm.
041 _aspa
942 _cBK
590 _aniveau_biblio:m niveau_hierar:0
100 1 _aTorres, Pedro E.
700 1 _aRay, José Domingo
700 1 _aMendizábal, Marcial J.
700 1 _aMontiel, Luis B.
999 _c7468
_d7468